000 00544nam a2200193Ia 4500
005 20221215152645.0
008 131103s9999 xx 000 0 und d
040 _aLoreto College
041 _aEnglish
082 _a811.52
_bAIK-JAY
100 _aMartin,Jay
245 _aConrad Aiken
_b a life of his art
_cJay Martin
260 _aPrinceton
_bPrinceton University Press
_c1962
300 _aix,280 p.
504 _aIncludes bibliographical references and index
650 _aAiken,Conrad,1889 - 1973
850 _aLCLIB
942 _cBK
999 _c11654
_d62133